BIBLIOTECA PODER JUDICIAL
Portal Judicial TDF

Reforma de la constitución nacional : (Registro nro. 667)

000 -LEADER
fixed length control field 00662nam a22001937a 4500
003 - CONTROL NUMBER IDENTIFIER
control field OSt
005 - DATE AND TIME OF LATEST TRANSACTION
control field 20180606073633.0
008 - FIXED-LENGTH DATA ELEMENTS--GENERAL INFORMATION
fixed length control field 180320b xxu||||| |||| 00| 0 spa d
040 ## - CATALOGING SOURCE
Transcribing agency PJ
100 ## - ASIENTO PRINCIPAL - NOMBRE DE PERSONA
9 (RLIN) 631
Personal name Padilla, Miguel M. (h)
245 10 - MENCIÓN DE TÍTULO
Título propiamente dicho Reforma de la constitución nacional :
Parte restante del título (doctrina - antecedentes - proposiciones) /
Mención de responsabilidad, etc Miguel M. Padilla (h).
260 ## - PUBLICATION, DISTRIBUTION, ETC. (IMPRINT)
Place of publication, distribution, etc Buenos Aires :
Name of publisher, distributor, etc Abeledo-Perrot,
Date of publication, distribution, etc 1970.
300 ## - DESCRIPCION FISICA
Extent 153 p.
Dimensions 19 cm.
490 ## - MENCION DE SERIE
Mención de Serie Monografías Jurídicas
Designación numérica/secuencial del volumen 135
650 #0 - ASIENTO SECUNDARIO DE MATERIA - TERMINO TEMATICO
9 (RLIN) 178
Topical term or geographic name as entry element DERECHO CONSTITUCIONAL
650 #0 - ASIENTO SECUNDARIO DE MATERIA - TERMINO TEMATICO
9 (RLIN) 766
Topical term or geographic name as entry element CONSTITUCION NACIONAL
Geographic subdivision ARGENTINA
650 #0 - ASIENTO SECUNDARIO DE MATERIA - TERMINO TEMATICO
9 (RLIN) 762
Topical term or geographic name as entry element REFORMA DE LA CONSTITUCION
942 ## - ADDED ENTRY ELEMENTS (KOHA)
Source of classification or shelving scheme
Koha item type Libros
Classification part 342.4
Item part PAD
Existencias
Withdrawn status Lost status Source of classification or shelving scheme Damaged status Not for loan Permanent Location Current Location Date acquired Full call number Barcode Date last seen Price effective from Koha item type
          Biblioteca Poder Judicial Sur Biblioteca Poder Judicial Sur 2018-06-06 342.4 PAD 2266 2018-06-06 2018-06-06 Libros

12 de Octubre 789 Ushuaia - Tel:  54(02901)441571
Horario de Atención: 8.00 a 17.00 hs. 
bibliotecaush@justierradelfuego.gov.ar
koha@justierradelfuego.gov.ar
Seguinos en nuestras redes @bibliojustdf 

Con tecnología Koha